ر ہبر عا لم (Record no. 169776)

MARC details
000 -LEADER
fixed length control field 00616nam a22001937a 4500
005 - DATE AND TIME OF LATEST TRANSACTION
control field 20191203154355.0
010 ## - LCCN (DPL NO)
LC control number A-645371
020 ## - INTERNATIONAL STANDARD BOOK NUMBER
Terms of availability 20.00
International Standard Book Number -
035 ## - SYSTEM CONTROL NUMBER
System control number A-645371
037 ## - SOURCE OF ACQUISITION
Source of stock number/acquisition BPPD/Pub.
Stock number -
082 ## - DEWEY DECIMAL CLASSIFICATION NUMBER
Classification number 270.35
100 ## - MAIN ENTRY--PERSONAL NAME
Personal name ا لحاج آ فتاب ا حمد
245 ## - TITLE STATEMENT
Title ر ہبر عا لم
Statement of responsibility, etc ا لحاج آ فتاب ا حمد
246 ## - VARYING FORM OF TITLE
Remainder of title Rehber Aalam (Urdu)
Title proper/short title by Alhaj Aftab Ahmed
260 ## - PUBLICATION, DISTRIBUTION, ETC. (IMPRINT)
Place of publication, distribution, etc N. Delhi
Name of publisher, distributor, etc Zafer Ahmed
Date of publication, distribution, etc 1993 ء
270 ## - ADDRESS
Address Nazer Book Depot,Hazrat Nizamuddin,
City N.Delhi
Postal code -
Telephone number -
Fax number -
300 ## - PHYSICAL DESCRIPTION
Extent 140 ص
Dimensions 22 Cm(Hb)
942 ## - ADDED ENTRY ELEMENTS (KOHA)
Source of classification or shelving scheme Dewey Decimal Classification
Item type Urdu Bks
Classification part 270.35
Call number suffix آ ف ت
Holdings
Withdrawn status Lost status Not for loan Collection code Home library Current library Date acquired Source of acquisition Cost, normal purchase price Full call number Barcode Copy number Cost, replacement price Koha item type
    Ordered Non-fiction Central Library Central Library 03/12/2019 BPPD/Ven. 20.00 270.35 آ ف ت A-645371 1 20.00 Urdu Bks

© Delhi Public Library
Hit Counter
free hit counter